000 00976nam0a22002771 4500
001 rc\4759837
005 20250613074641.0
021 _aRU
_b[58-26015]
035 _a(NLR Aleph) 009016173
090 _a9399028
_c9399028
100 _a20130417d1958 |||y0rusy50 ca
101 0 _arus
102 _aRU
105 _aa z |||||
200 1 _aУстройство и опыт технической эксплуатации теплоходов типа "Углегорск"
210 _aМосква
_cМор. транспорт
_d1958
215 _a202 с., 3 л. черт.
_cил.
_d21
225 1 _aБиблиотека обмена опытом на морском транспорте
320 _aБиблиогр.: с. 199
606 _aТеплоходы морские
_2psbo
700 1 _aЛазарев
_bП.В.
_gПетр Васильевич
801 0 _aRU
_bNLR
_gpsbo
801 1 _aRU
_bELAR
_2rusmarc
852 _aNLR
_j58-3/2490
942 _cBOOK
980 _aNB